| 000 | 01175nam a2200289 i 4500 | ||
|---|---|---|---|
| 001 | 70748 | ||
| 003 | ES-MaACL | ||
| 005 | 20250906063052.0 | ||
| 007 | t| | ||
| 008 | 040802s19701971sp ||||1| spa d | ||
| 080 | _a331(091) | ||
| 100 | 1 |
_aGarrido, Fernando, _d1821-1883 _955672 |
|
| 245 | 1 | 0 |
_aHistoria de las clases trabajadoras / _cFernando Garrido. |
| 260 |
_a[Algorta (Vizcaya)] : _bZero, _c1970-1971. |
||
| 300 |
_a3 v. ; _c20 cm. |
||
| 490 | 1 |
_aBiblioteca promoción del pueblo. Serie P. ; _v24-25, 27 |
|
| 505 | 8 | _aContiene: I. El esclavo / prólogo de Emilio Castelar (194 p.) - II. El siervo / prólogo de José María Vinuesa Angulo (454 p.) - III. El proletario / prólogo de José Luis Rubio (306 p.) | |
| 650 | 7 |
_aTrabajo- _vHistoria _2 _9147608 |
|
| 650 | 4 |
_aClase trabajadora- _vHistoria. _9173614 |
|
| 700 | 1 |
_aMaluquer de Motes, Jordi, _d1946- _975879 |
|
| 700 | 1 |
_aCastelar, Emilio, _d1832-1899 _936479 |
|
| 700 | 1 |
_aVinuesa, José María. _9115343 |
|
| 700 | 0 |
_aRubio, José Luis, _d1924- _9100353 |
|
| 830 | 1 |
_aBiblioteca promoción del pueblo. Serie P. ; _v24-25, 27 _9183314 |
|
| 852 |
_aES-MaACL _jP-1819 |
||
| 999 |
_c70748 _d70748 |
||